Постимпрессионизм (Запис номер 42559)
[ съкратено ]
| 000 -Лидер | |
|---|---|
| Контролно поле с фиксирана дължина | 01172nam a2200301 c 4500 |
| 003 - Код на организацията, давaща контролен номер | |
| Контролно поле | BLK |
| 005 - Дата и час на последна редакция | |
| Контролно поле | 20180420221404.0 |
| 008 - Елементи от данни с фиксирана дължина | |
| fixed length control field | 180408b bul|||||r ||||||| ||bul|| |
| 010 ## - Наследен системен номер | |
| LC control number | KNG00046226000 |
| 020 ## - Международен стандартен номер на книга ISBN | |
| Международен стандартен номер на книга ISBN | 5-250-02568-4 |
| -- | издат.: Республика |
| 040 ## - Източник на каталожния запис | |
| Идентификатор на билиотеката - собственик на записа | BLK |
| 041 ## - Код за език | |
| Код за езика на текст/звукозапис или на отделно заглавие | Руски |
| Код за езика КДБФ | Руски |
| 080 ## - УДК | |
| Текстов определител УДК | Живопис - постимпресионизъм |
| УДК код - определител по УДК | 75.036.4 |
| УДК определител | (092) |
| УДК - код + определител | 75.036.4(092) |
| 080 ## - УДК | |
| Текстов определител УДК | Биографии |
| УДК код - определител по УДК | 929 |
| УДК определител | (100) |
| УДК - код + определител | 929(100) |
| 100 1# - Редна дума - Автор | |
| Автор | Ревалд, Джон |
| Авторска отговорност | първи автор |
| R(LIN) | 115714 |
| 139 ## - Редно поле | |
| Редна дума | Ревалд, Джон |
| Авторски знак | Ре - Р 44 |
| 245 10 - Сведения за заглавието | |
| Заглавие | Постимпрессионизм |
| Подзаглавни данни | От Ван Гога до Гогена : Бернар, Ван Гог, Гоген, Моро, Пюви де Шаванн, Редон, Серюзье, Сера, Синьяк, Энсор |
| Редно поле (дума) | Джон Ревалд. |
| 257 ## - Страна на издаване | |
| Страна на създаване/издаване | СССР |
| 260 ## - Област на издателските данни | |
| -- | Москва |
| Име на издателя, разпространителя и проч. | Республика |
| Година на издаване | 1996 |
| 300 ## - Физическа характеристика | |
| Страници | 463 с. |
| Илюстрации и др. | ил. |
| Размери/Мащаб | 27 см |
| 380 ## - Жанр | |
| Жанр | Изкуство |
| 650 #4 - Допълнително описание по предмет – тема | |
| Основно описание – тема или топоним | Постмодернизъм |
| 9 (RLIN) | 167239 |
| 852 ## - Местоположение | |
| Форматна сигнатура | Цб ІІ 10452 |
| 856 4# - Електронен адрес и достъп | |
| Електронен формат | pdf - файл |
| Път до файла /url/ | |
| 856 4# - Електронен адрес и достъп | |
| Електронен формат | pdf - файл |
| Път до файла /url/ | |
| 942 ## - АРТИКУЛИ | |
| Вид на библиотечния материал | Книги |
| Скрит в OPAC | Не |
| 944 ## - СЪЗДАВАНЕ И РЕДАКЦИЯ на ЗАПИСА | |
| Създаване/Редакция | Създаване |
| Дата на регистрацията/редакция | 01.01.1999 |
| Служител, извършил регистрацията/редакцията | Геновева_Генчева |
| 944 ## - СЪЗДАВАНЕ И РЕДАКЦИЯ на ЗАПИСА | |
| Създаване/Редакция | Редакция |
| Дата на регистрацията/редакция | 18.01.2011 |
| Служител, извършил регистрацията/редакцията | |
| 999 ## - СИСТЕМНИ КОНТРОЛНИ НОМЕРА | |
| Koha biblionumber | 42559 |
| Koha biblioitemnumber | 42559 |
| Код за отписване | Код за изгубен артикул | Източник на класификационната схема | Код за повреда | Коз за рестрикции | Код за отдаване | Артикулен № | Име на библиотеката - собственик | Име на библиотеката, в която се намира в момента | Статус (Текущо местоположение) | Дата на вписване в системата | Местоположение - отдел | Цена в лева | Инвентарен номер | Систематично азбучна сигнатура | Баркод | Номер на екземпляра | Цена в евро | Служебна бележка | Служебен тип на артикула |
|---|---|---|---|---|---|---|---|---|---|---|---|---|---|---|---|---|---|---|---|
| Не е изгубен | Universal Decimal Classification | Не е повреден | без рестрикции | заемане за дома | 66937 | Регионална библиотека "Любен Каравелов" Русе | Регионална библиотека "Любен Каравелов" Русе | Основен фонд - ползва се само за читалня | 2001-01-01 | Отдел Изкуство - подръчен фонд | 0.00 | 651367 | 75.03/Р 44 | 120000651367 | 1 | 0.00 | Дост: Pk Вид: Ф N: стар фонд Дата: 01.01.1996 Дата инв: 07.06.2012 Бележки инв: * | Книги |